000 00390nam a2200157Ia 4500
008 230524s9999 xx 000 0 und d
082 _a5.133
_bSIN
100 _aPradeep Ku.Sinha
245 0 _aDistributed Operating System Concept & Design
250 _a1ST
260 _aNEW DELHI
_bPHI
_c2005
300 _aXIX;743
500 _aQuantity Number: 4
650 _aComp-Sc
942 _cBK
999 _c36084
_d36084